<?xml version="1.0" encoding="UTF-8"?>
<record
    xmlns:xsi="http://www.w3.org/2001/XMLSchema-instance"
    xsi:schemaLocation="http://www.loc.gov/MARC21/slim http://www.loc.gov/standards/marcxml/schema/MARC21slim.xsd"
    xmlns="http://www.loc.gov/MARC21/slim">

  <leader>01125cam a22002777i 4500</leader>
  <controlfield tag="001">19177704</controlfield>
  <controlfield tag="003">OSt</controlfield>
  <controlfield tag="005">20250521152301.0</controlfield>
  <controlfield tag="008">160715e201411  ck            000 1 spa  </controlfield>
  <datafield tag="020" ind1=" " ind2=" ">
    <subfield code="a">9789585846289</subfield>
  </datafield>
  <datafield tag="040" ind1=" " ind2=" ">
    <subfield code="a">DLC</subfield>
    <subfield code="c">CO-JMCR</subfield>
  </datafield>
  <datafield tag="041" ind1="0" ind2=" ">
    <subfield code="a">spa</subfield>
  </datafield>
  <datafield tag="082" ind1="0" ind2="4">
    <subfield code="a">A-N</subfield>
    <subfield code="b">FAYr</subfield>
  </datafield>
  <datafield tag="100" ind1="1" ind2=" ">
    <subfield code="a">Fayad, Luis,</subfield>
    <subfield code="e">autor</subfield>
    <subfield code="9">10457</subfield>
  </datafield>
  <datafield tag="245" ind1="1" ind2="0">
    <subfield code="a">Regresos /</subfield>
    <subfield code="c">Luis Fayad.</subfield>
  </datafield>
  <datafield tag="250" ind1=" " ind2=" ">
    <subfield code="a">Primera edici&#xF3;n.</subfield>
  </datafield>
  <datafield tag="260" ind1=" " ind2=" ">
    <subfield code="a">Bogot&#xE1;, Colombia :</subfield>
    <subfield code="b">Literatura Random House,</subfield>
    <subfield code="c">2014.</subfield>
  </datafield>
  <datafield tag="300" ind1=" " ind2=" ">
    <subfield code="a">324 p&#xE1;ginas ;</subfield>
    <subfield code="c">23 cm</subfield>
  </datafield>
  <datafield tag="520" ind1="0" ind2=" ">
    <subfield code="a">Regresos cuenta la historia de Ernesto Gonzaga, un antrop&#xF3;logo que, tras muchos a&#xF1;os de vivir en Cana d&#xE1;, regresa al pa&#xED;s con la promesa de un buen trabajo en un ministerio. Entusiasmado ante la perspectiva de pasar los &#xFA;ltimos a&#xF1;os en su tierra natal, viaja para preparar su ingreso al nuevo puesto y la llegada de su familia.</subfield>
  </datafield>
  <datafield tag="521" ind1="0" ind2=" ">
    <subfield code="a">Novela adulto.</subfield>
  </datafield>
  <datafield tag="650" ind1="1" ind2="4">
    <subfield code="a">Novela colombiana </subfield>
    <subfield code="y">Siglo xx</subfield>
    <subfield code="9">14002</subfield>
  </datafield>
  <datafield tag="650" ind1="2" ind2="4">
    <subfield code="a">Literatura colombiana</subfield>
    <subfield code="y">Siglo xx</subfield>
    <subfield code="9">40443</subfield>
  </datafield>
  <datafield tag="650" ind1="2" ind2="4">
    <subfield code="a">Burocracia</subfield>
    <subfield code="x">Novela</subfield>
    <subfield code="z">Colombia</subfield>
    <subfield code="9">42015</subfield>
  </datafield>
  <datafield tag="650" ind1="2" ind2="4">
    <subfield code="a">Conflicto armado</subfield>
    <subfield code="x">Novela</subfield>
    <subfield code="z">Colombia</subfield>
    <subfield code="9">42016</subfield>
  </datafield>
  <datafield tag="942" ind1=" " ind2=" ">
    <subfield code="2">ddc</subfield>
    <subfield code="c">BK</subfield>
  </datafield>
  <datafield tag="999" ind1=" " ind2=" ">
    <subfield code="c">15854</subfield>
    <subfield code="d">15854</subfield>
  </datafield>
  <datafield tag="952" ind1=" " ind2=" ">
    <subfield code="0">0</subfield>
    <subfield code="1">0</subfield>
    <subfield code="2">ddc</subfield>
    <subfield code="4">0</subfield>
    <subfield code="7">0</subfield>
    <subfield code="a">CPL</subfield>
    <subfield code="b">CPL</subfield>
    <subfield code="c">PROC</subfield>
    <subfield code="d">2022-02-23</subfield>
    <subfield code="e">Donaci&#xF3;n</subfield>
    <subfield code="l">6</subfield>
    <subfield code="o">A-N FAYr</subfield>
    <subfield code="p">201811389</subfield>
    <subfield code="r">2025-05-13 09:10:47</subfield>
    <subfield code="s">2025-05-12</subfield>
    <subfield code="t">Ej.1</subfield>
    <subfield code="w">2022-03-25</subfield>
    <subfield code="y">BK</subfield>
  </datafield>
  <datafield tag="952" ind1=" " ind2=" ">
    <subfield code="0">0</subfield>
    <subfield code="1">0</subfield>
    <subfield code="2">ddc</subfield>
    <subfield code="4">0</subfield>
    <subfield code="7">0</subfield>
    <subfield code="a">CPL</subfield>
    <subfield code="b">CPL</subfield>
    <subfield code="c">PROC</subfield>
    <subfield code="d">2022-02-23</subfield>
    <subfield code="e">Donaci&#xF3;n</subfield>
    <subfield code="l">2</subfield>
    <subfield code="o">A-N FAYr</subfield>
    <subfield code="p">201811143</subfield>
    <subfield code="r">2026-03-18 13:45:54</subfield>
    <subfield code="s">2026-03-18</subfield>
    <subfield code="t">Ej.2</subfield>
    <subfield code="w">2022-03-29</subfield>
    <subfield code="y">BK</subfield>
  </datafield>
</record>
